[Event "Berlin-ch MT"]
[Site "Berlin"]
[Date "2019.04.23"]
[Round "4"]
[White "Boettcher, Patrick"]
[Black "Hildebrand, Gerald"]
[Result "1-0"]
[WhiteElo "2076"]
[BlackElo "2153"]
[PlyCount "49"]
[EventDate "2019.04.20"]
[EventType "swiss"]
[EventRounds "9"]
[EventCountry "GER"]
[SourceTitle "EXT 2020"]
[Source "ChessBase"]
[SourceDate "2019.10.17"]
[SourceVersion "1"]
[SourceVersionDate "2019.10.17"]
[SourceQuality "1"]

1. c4 c5 2. Nf3 Nc6 3. d4 cxd4 4. Nxd4 g6 5. e4 Bg7 6. Nc2 Nf6 7. Nc3 d6 8. Be2 Be6 9. 0-0 Rc8 10. Rb1 0-0 11. Ne3 Na5 12. b3 b6 13. Bb2 Nb7 14. f3 Bh6 15. Ned5 Bxd5 16. exd5 Nh5 17. Bc1 Bg7 18. Nb5 Ra8 19. Bg5 Re8 20. Qd2 Qd7 21. Rbd1 Bf6 22. Bh6 Bg7 23. Kh1 Bf6 24. g4 a6 25. Na3 1-0

[Event "Berlin-ch MT"]
[Site "Berlin"]
[Date "2019.04.21"]
[Round "2"]
[White "Boettcher, Patrick"]
[Black "Jahnz, Fabian"]
[Result "1/2-1/2"]
[WhiteElo "2076"]
[BlackElo "2254"]
[PlyCount "73"]
[EventDate "2019.04.20"]
[EventType "swiss"]
[EventRounds "9"]
[EventCountry "GER"]
[SourceTitle "EXT 2020"]
[Source "ChessBase"]
[SourceDate "2019.10.17"]
[SourceVersion "1"]
[SourceVersionDate "2019.10.17"]
[SourceQuality "1"]

1. d4 d5 2. c4 dxc4 3. Nf3 Nf6 4. e3 Bg4 5. Bxc4 e6 6. h3 Bh5 7. Nc3 Nc6 8. Bb5 Bd6 9. e4 Nd7 10. Be3 0-0 11. 0-0 Ne7 12. Rc1 c6 13. Be2 Kh8 14. Qb3 Qb8 15. Rfd1 Bxf3 16. Bxf3 Ng6 17. e5 Be7 18. Be4 Rd8 19. f4 Ngf8 20. f5 Nb6 21. Rf1 Nd5 22. Nxd5 cxd5 23. f6 gxf6 24. exf6 Bd6 25. Bb1 e5 26. Qxd5 exd4 27. Qg5 Ng6 28. Bxg6 Rg8 29. Bxd4 Rxg6 30. Qd5 Kg8 31. Rce1 Bf8 32. Re7 Bxe7 33. fxe7 Re6 34. Qg5+ Rg6 35. Qd5 Re6 36. Qg5+ Rg6 37. Qd5 1/2-1/2

[Event "Berlin Spandau op"]
[Site "Berlin"]
[Date "2018.12.30"]
[Round "7"]
[White "Boettcher, Patrick"]
[Black "Puuska, Heini"]
[Result "1-0"]
[WhiteElo "2082"]
[BlackElo "1952"]
[PlyCount "63"]
[EventDate "2018.12.27"]
[EventType "swiss"]
[EventRounds "7"]
[EventCountry "GER"]
[SourceTitle "EXT 2022"]
[Source "ChessBase"]
[SourceDate "2021.10.06"]
[SourceVersion "1"]
[SourceVersionDate "2021.10.06"]
[SourceQuality "1"]

1. e4 c6 2. d4 d5 3. exd5 cxd5 4. c4 Nf6 5. Nc3 g6 6. Qb3 Bg7 7. cxd5 0-0 8. Be2 Na6 9. Bf3 Nc7 10. Nge2 Rb8 11. a4 Bg4 12. Bxg4 Nxg4 13. Bf4 a6 14. 0-0 Qd7 15. Rac1 Bh6 16. Bxh6 Nxh6 17. Rfe1 Nf5 18. Rcd1 b5 19. axb5 axb5 20. Nf4 Rfd8 21. Qb4 Rb6 22. Na4 Rf6 23. Nc5 Qd6 24. Qd2 Rb8 25. Re5 b4 26. Ne4 Qd8 27. Nxf6+ exf6 28. Re4 g5 29. Nh5 Nxd5 30. Rde1 Nd6 31. R4e2 Qd7 32. Nxf6+ 1-0

[Event "Wroclaw op"]
[Site "Wroclaw"]
[Date "2018.08.03"]
[Round "7"]
[White "Luberanski, Jakub"]
[Black "Boettcher, Patrick"]
[Result "1-0"]
[WhiteElo "1762"]
[BlackElo "2078"]
[PlyCount "81"]
[EventDate "2018.07.30"]
[EventType "swiss"]
[EventRounds "9"]
[EventCountry "POL"]
[SourceTitle "CBM 185 Extra"]
[Source "ChessBase"]
[SourceDate "2018.07.29"]
[SourceVersion "1"]
[SourceVersionDate "2018.07.29"]
[SourceQuality "1"]

1. e4 c5 2. Nf3 d6 3. d4 cxd4 4. Nxd4 Nf6 5. Nc3 a6 6. h3 e6 7. g4 d5 8. exd5 Nxd5 9. Bd2 Bb4 10. Bg2 Bxc3 11. bxc3 Qc7 12. 0-0 0-0 13. Qf3 Nd7 14. Rad1 N7b6 15. Qd3 Nc4 16. Bc1 b5 17. f4 Bb7 18. Qe4 Qb6 19. Kh1 Rac8 20. Qf3 Rc7 21. Qg3 Rfc8 22. g5 Nd6 23. f5 exf5 24. Nxf5 Nxf5 25. Rxf5 Nxc3 26. Rdf1 Bxg2+ 27. Qxg2 Nxa2 28. Bb2 Qb7 29. R1f3 Rxc2 30. Qf1 Rf8 31. Qa1 Qc7 32. R5f4 Rc1+ 33. Bxc1 Qxc1+ 34. Qxc1 Nxc1 35. Ra3 Ra8 36. Re4 g6 37. Rc3 Na2 38. Rc2 b4 39. Rxa2 b3 40. Rb2 Rb8 41. Re3 1-0

[Event "Berlin Lieb Memorial 4th"]
[Site "Berlin"]
[Date "2018.06.21"]
[Round "5"]
[White "Moewisch, Dave"]
[Black "Boettcher, Patrick"]
[Result "0-1"]
[WhiteElo "1825"]
[BlackElo "2078"]
[PlyCount "86"]
[EventDate "2018.05.17"]
[EventType "swiss"]
[EventRounds "7"]
[EventCountry "GER"]
[SourceTitle "CBM 189 Extra"]
[Source "ChessBase"]
[SourceDate "2019.06.03"]
[SourceVersion "1"]
[SourceVersionDate "2019.06.03"]
[SourceQuality "1"]

1. e4 c5 2. Nf3 d6 3. d4 cxd4 4. Nxd4 Nf6 5. Nc3 a6 6. Bg5 e6 7. f4 Qb6 8. Qd2 Nc6 9. 0-0-0 Qxd4 10. Qxd4 Nxd4 11. Rxd4 Bd7 12. Be2 Bc6 13. Rhd1 Nd7 14. g4 h6 15. Bh4 g5 16. fxg5 Be7 17. Bg3 hxg5 18. Rf1 Ne5 19. Rd2 b5 20. a3 Rc8 21. Bxe5 dxe5 22. Bd3 Bc5 23. Re2 Rh4 24. a4 Rb8 25. axb5 axb5 26. Rg2 Be3+ 27. Kd1 Ke7 28. Ke2 Bf4 29. Ra1 b4 30. Ra7+ Kf6 31. Na4 Rbh8 32. Nc5 Rxh2 33. Rxh2 Rxh2+ 34. Kf1 Be3 35. Nd7+ Kg7 36. Rc7 Rf2+ 37. Ke1 Bxd7 38. Rxd7 Rf4 39. Rc7 Bc1 40. c3 bxc3 41. bxc3 Rxg4 42. c4 Rg3 43. Ke2 Re3+ 0-1

[Event "Berlin-ch MT"]
[Site "Berlin"]
[Date "2018.04.01"]
[Round "2"]
[White "Jaeger, Tobias"]
[Black "Boettcher, Patrick"]
[Result "1-0"]
[WhiteElo "2116"]
[BlackElo "2089"]
[PlyCount "85"]
[EventDate "2018.03.31"]
[EventType "swiss"]
[EventRounds "9"]
[EventCountry "GER"]
[SourceTitle "EXT 2020"]
[Source "ChessBase"]
[SourceDate "2019.10.17"]
[SourceVersion "1"]
[SourceVersionDate "2019.10.17"]
[SourceQuality "1"]

1. e4 e5 2. Nf3 Nc6 3. Bc4 Nf6 4. d3 Be7 5. 0-0 0-0 6. Re1 d6 7. a4 h6 8. Nc3 Na5 9. Ba2 c5 10. Ne2 Be6 11. Ng3 Nc6 12. h3 Bxa2 13. Rxa2 Nh7 14. Nf5 Bg5 15. Nxg5 hxg5 16. c3 Qf6 17. a5 Ne7 18. Nxe7+ Qxe7 19. Be3 Rfe8 20. Qg4 Qe6 21. Qxe6 Rxe6 22. b4 Rc8 23. Rb1 Re7 24. bxc5 dxc5 25. Rab2 Rcc7 26. Rb5 c4 27. dxc4 a6 28. Rb6 f6 29. c5 Nf8 30. c6 bxc6 31. Rxa6 c5 32. Rb5 Ne6 33. Rd6 Kf7 34. Rd5 c4 35. a6 Rc8 36. a7 Ra8 37. Ra5 Rc7 38. Rdb5 Rcc8 39. Rb7+ Kg6 40. Rab5 Nd8 41. Rb8 Nc6 42. Rxa8 Rxa8 43. Rb6 1-0

[Event "Berlin Spandau op"]
[Site "Berlin"]
[Date "2017.12.29"]
[Round "6"]
[White "Boettcher, Patrick"]
[Black "Fiedorek, Michal"]
[Result "1/2-1/2"]
[WhiteElo "2099"]
[BlackElo "1972"]
[PlyCount "63"]
[EventDate "2017.12.27"]
[EventType "swiss"]
[EventRounds "7"]
[EventCountry "GER"]
[SourceTitle "CBM 182 Extra"]
[Source "ChessBase"]
[SourceDate "2018.02.23"]
[SourceVersion "1"]
[SourceVersionDate "2018.02.23"]
[SourceQuality "1"]

1. d4 Nf6 2. c4 g6 3. Nc3 Bg7 4. e4 d6 5. Be2 0-0 6. Bg5 Nbd7 7. Qd2 e5 8. Nf3 c6 9. 0-0 Qc7 10. Rfd1 exd4 11. Nxd4 Nc5 12. f3 Rd8 13. Rac1 Ne6 14. Nxe6 Bxe6 15. Nd5 Bxd5 16. cxd5 Qb6+ 17. Be3 c5 18. a3 a5 19. e5 Nd7 20. Bg5 f6 21. exf6 Nxf6 22. a4 Qb4 23. Bb5 Qxd2 24. Rxd2 h6 25. Bh4 g5 26. Bf2 Nd7 27. Bxd7 Rxd7 28. Re1 Kf7 29. Bg3 Ra6 30. Re6 Rb6 31. Kf2 h5 32. h3 1/2-1/2

[Event "Berlin Eckbauer op 20th"]
[Site "Berlin"]
[Date "2017.11.13"]
[Round "5"]
[White "Muenstermann, Claudia"]
[Black "Boettcher, Patrick"]
[Result "1-0"]
[WhiteElo "1718"]
[BlackElo "2099"]
[PlyCount "55"]
[EventDate "2017.10.09"]
[EventType "swiss"]
[EventRounds "7"]
[EventCountry "GER"]
[SourceTitle "CBM 189 Extra"]
[Source "ChessBase"]
[SourceDate "2019.06.03"]
[SourceVersion "1"]
[SourceVersionDate "2019.06.03"]
[SourceQuality "1"]

1. e4 d5 2. exd5 Qxd5 3. Nc3 Qa5 4. d4 c6 5. Bd2 Bf5 6. Nf3 e6 7. Bc4 Nf6 8. 0-0 Bb4 9. Re1 0-0 10. Ne5 Nbd7 11. Bb3 Rfe8 12. g4 Bg6 13. h4 Bxc3 14. bxc3 Nxe5 15. Rxe5 Qc7 16. h5 Be4 17. g5 Bf5 18. gxf6 gxf6 19. Re1 Kh8 20. Qf3 Rg8+ 21. Kh1 Rg4 22. Qh3 Rag8 23. Bh6 Be4+ 24. Rxe4 Rxe4 25. Rg1 Rxg1+ 26. Kxg1 f5 27. f3 Re2 28. Qh4 1-0